000 00875nam a2200289Ia 4500
001 Para_360
003 CHAP
008 220125s1982 xx 000 0 und d
010 _a199115
040 _cCHAP
090 _aPA FOLLETO 3293
100 _aMena Covarrubias, Jaime
_974524
245 _aPlagas del frijol en Zacatecas /
_c por Jaime Mena Covarrubias
260 _aCalera de Victor Rosales, Zac. :
_b INIA. Campo Agrícola Experimental Zacatecas
300 _a16 p.
410 _aFolleto para productores; 2
650 _aFrijol
_x plagas
_943415
650 _aFrijol
_x Zacatecas
_9164455
710 _aINIA. Campo Agrícola Experimental Zacatecas
_9164456
901 _aPA FOLLETO 3293
902 _aA
905 _a0000001982 a 0000000000 00
910 _a1982
942 _cPARA
942 _cPARA
_d1
999 _c199115
_d199115